Die besten aktiven Torschützen gegen Bayern München - Statistiken

Allgemein
  • Dieses Quiz wurde 131 mal gespielt
  • Das Durchschnittsergebnis liegt bei 15 aus 47
Antwortstatistiken
Tore Position Nation Spieler % Korrekt
9 Stürmer Portugal Cristiano Ronaldo
97%
7 Stürmer Norwegen Erling Haaland
93%
6 Stürmer Polen Robert Lewandowski
93%
12 Mittelfeld Deutschland Marco Reus
89%
6 Stürmer Gabun Pierre-Emerick Aubameyang
87%
4 Stürmer Argentinien Lionel Messi
81%
4 Stürmer Bosnien-Herzegowina Edin Dzeko
74%
8 Stürmer Kroatien Andrej Kramaric
68%
3 Mittelfeld Chile Arturo Vidal
54%
3 Stürmer Frankreich Kylian Mbappe
54%
3 Mittelfeld Belgien Kevin De Bruyne
52%
4 Stürmer Frankreich Karim Benzema
48%
4 Stürmer Brasilien Neymar
46%
4 Mittelfeld Jamaika Leon Bailey
41%
3 Stürmer Deutschland Timo Werner
39%
3 Stürmer Ägypten Omar Marmoush
38%
3 Mittelfeld Deutschland Julian Brandt
34%
3 Abwehr Deutschland Mats Hummels
34%
6 Stürmer Belgien Dodi Lukebakio
33%
4 Abwehr Algerien Ramy Bensebaini
32%
3 Mittelfeld Schweden Emil Forsberg
26%
3 Stürmer Frankreich Olivier Giroud
25%
3 Mittelfeld Türkei Hakan Calhanoglu
24%
4 Stürmer Kolumbien Adrian Ramos
21%
3 Stürmer Israel Munas Dabbur
19%
4 Mittelfeld Spanien Dani Olmo
18%
4 Stürmer Frankreich Anthony Modeste
17%
3 Stürmer Deutschland Tim Kleindienst
17%
4 Mittelfeld Frankreich Christopher Nkunku
16%
3 Stürmer Deutschland Kevin Volland
16%
4 Abwehr Österreich Martin Hinteregger
16%
3 Mittelfeld Deutschland Ilkay Gündogan
15%
4 Mittelfeld Deutschland Jonas Hofmann
15%
4 Stürmer Deutschland Lukas Podolski
13%
4 Stürmer Deutschland Nils Petersen
12%
3 Stürmer Kolumbien Jhon Cordoba
10%
3 Mittelfeld Argentinien Exequiel Palacios
8%
3 Stürmer Brasilien Raffael
8%
5 Stürmer Deutschland Lucas Höler
7%
3 Stürmer Deutschland Jonathan Burkardt
6%
5 Stürmer Deutschland Mark Uth
6%
5 Stürmer Deutschland Martin Harnik
6%
3 Stürmer Deutschland Robert Glatzel
6%
5 Stürmer Deutschland Mergim Berisha
5%
3 Stürmer Brasilien Raphinha
5%
3 Stürmer Deutschland Andre Hahn
3%
3 Mittelfeld Deutschland Daniel Didavi
1%
Keine übereinstimmenden Quizze gefunden
Verteilung der Resultate
Anzahl Personen mit jedem Resultat
Perzentil nach korrekt beantworteten Fragen
Ihre Resultats-Entwicklung
Sie haben dieses Quiz noch nicht gespielt